000 00622nam a2200229Ia 4500
003 OSt
005 20260306102617.0
008 210716s2010 xx 000 0 und d
020 _a9788130915142
040 _cAIMIT LIBRARY
041 _aeng
082 _a428.2
_21
_bMANM
100 _aManser, Martin H.
_9257960
245 _aGuide to good writing.
250 _a1
260 _aNew Delhi
_bViva Books
_c2010
300 _ax,405p. ;
_bPB
_c26.6 cm
650 _aThe writing process
_9257961
650 _aWriting fundamentals
_9257962
650 _aReference resources
_9257963
942 _2ddc
_cBK
_e1st
_k428.2 MANM
999 _c191677
_d191677